000
00485nam a2200133Ia 4500
008
100328s9999 xx 000 0 und d
082
_b
9567
100
_a
टिळक इन्दु आणि दामले शालिनी
245
_a
जपानी पुष्प रचना
260
_b
केसरी मुद्रणालय
630
_a
जपानी पुष्प रचना
730
_a
जपानी पुष्प रचना
942
_c
BOOK
999
_c
505216
_d
505213